LIBRARY & INFORMATION CENTRE, KCAET, TAVANUR

ONLINE PUBLIC ACCESS CATALOGUE (OPAC)

Daylor thomasinte ganam / (Record no. 7223)

MARC details
000 -LEADER
fixed length control field 00373cam a2200145ua 4500
041 ## - LANGUAGE CODE
Language code of text/sound track or separate title mal
082 ## - DEWEY DECIMAL CLASSIFICATION NUMBER
Classification number 894.81209
Item number UNI/DA
100 ## - MAIN ENTRY--AUTHOR NAME
Personal name Unnikrishnan, Puthur .
245 ## - TITLE STATEMENT
Title Daylor thomasinte ganam /
260 ## - PUBLICATION, DISTRIBUTION, ETC. (IMPRINT)
Place of publication Thrissur :
Name of publisher Current Books ,
Year of publication 1965.
300 ## - PHYSICAL DESCRIPTION
Number of Pages 161 ; .
942 ## - ADDED ENTRY ELEMENTS (KOHA)
Koha item type Books
Holdings
Withdrawn status Lost status Damaged status Home library Current library Date acquired Full call number Accession Number Koha item type
      KAUAET KAUAET 07/04/2012 894.81209 12825 Books
free website counter